The cause of the greatnesse of cities : Three bookes. With certaine observations concerning the sea. Written in Italian, by Iohn Botero: and translated into English by Sir T.H.

Bibliographic Details
Main Author: Botero, Giovanni, 1540-1617
Other Authors: T.H., Sir (Thomas Hawkins), d. 1640
Format: eBook
Language:English
Published: London : Printed by E. P[urslowe] for Henry Seile, dwelling at the Tygers head, in St. Pauls Church-yard, 1635.
Series:Early English books online.
Subjects:
Online Access:Connect to the full text of this electronic book

MARC

Tag First Indicator Second Indicator Subfields
LEADER 00000nam a2200000 4500
001 in00004223921
005 20200806095954.0
006 m g d
007 cr bn |||a|bb|
008 910419s1635 enk o 00| | eng d
035 |a (UnM)99841964 
037 |a CL0036000020  |b ProQuest. 789 E. Eisenhower Parkway, Ann Arbor, MI 48108-3218 
040 |a Cu-RivES  |c Cu-RivES  |d Uk-ES  |d CStRLIN  |e dcrb  |d WaOLN 
100 1 |a Botero, Giovanni,  |d 1540-1617. 
240 1 0 |a Delle cause della grandezza delle città.  |l English 
245 0 4 |a The cause of the greatnesse of cities :  |b Three bookes. With certaine observations concerning the sea. Written in Italian, by Iohn Botero: and translated into English by Sir T.H. 
246 2 |a Delle cause della grandezza delle cittá. 
246 2 |a Observations concerning the sea. 
260 |a London :  |b Printed by E. P[urslowe] for Henry Seile, dwelling at the Tygers head, in St. Pauls Church-yard,  |c 1635. 
300 |a 1 online resource ([2], 236 pages) 
336 |a text  |b txt  |2 rdacontent 
337 |a computer  |b c  |2 rdamedia 
338 |a online resource  |b cr  |2 rdacarrier 
500 |a Sir T.H. = Sir Thomas Hawkins. 
500 |a A translation of: Delle cause della grandezza delle cittá. 
500 |a Printer's name from STC. 
500 |a "Observations concerning the sea" has separate dated title page; pagination and register are continuous. 
500 |a Reproduction of the original in Cambridge University Library. 
510 4 |a STC (2nd edition)  |c 3396. 
533 |a Electronic reproduction.  |b Ann Arbor, Mich. :  |c UMI,  |d 1999-  |f (Early English books online)  |n Digital version of: (Early English books, 1475-1640 ; 701:05)  |7 s1999 miun s 
650 0 |a Cities and towns  |v Early works to 1800. 
650 0 |a Ocean  |v Early works to 1800. 
700 0 |a T.H.,  |c Sir  |q (Thomas Hawkins),  |d d. 1640. 
830 0 |a Early English books online. 
856 4 0 |u http://proxy.library.tamu.edu/login?url=https://search.proquest.com/docview/2240901279  |z Connect to the full text of this electronic book  |t 0 
999 f f |s 2a673f68-d7b7-33cd-94f1-73f3686b82d1  |i 0b399694-b455-3b0c-ba91-9cc1687326c3  |t 0 
952 f f |a Texas A&M University  |b College Station  |c Electronic Resources  |d Available Online  |t 0  |h No information provided 
998 f f |t 0  |l Available Online